<?xml version="1.0" encoding="UTF-8"?>
<record
    xmlns:xsi="http://www.w3.org/2001/XMLSchema-instance"
    xsi:schemaLocation="http://www.loc.gov/MARC21/slim http://www.loc.gov/standards/marcxml/schema/MARC21slim.xsd"
    xmlns="http://www.loc.gov/MARC21/slim">

  <leader>03817cam a22003617a 4500</leader>
  <datafield tag="999" ind1=" " ind2=" ">
    <subfield code="c">7007</subfield>
    <subfield code="d">7007</subfield>
  </datafield>
  <controlfield tag="001">18578362</controlfield>
  <controlfield tag="003">GBCCL</controlfield>
  <controlfield tag="005">20241126110617.0</controlfield>
  <controlfield tag="008">150416s2014    ilu      b    001 0 eng d</controlfield>
  <datafield tag="010" ind1=" " ind2=" ">
    <subfield code="a">  2012287868</subfield>
  </datafield>
  <datafield tag="020" ind1=" " ind2=" ">
    <subfield code="a">0802409695</subfield>
  </datafield>
  <datafield tag="020" ind1=" " ind2=" ">
    <subfield code="a">9780802409690</subfield>
  </datafield>
  <datafield tag="035" ind1=" " ind2=" ">
    <subfield code="a">(OCoLC)ocn826685542</subfield>
  </datafield>
  <datafield tag="040" ind1=" " ind2=" ">
    <subfield code="a">YDXCP</subfield>
    <subfield code="b">eng</subfield>
    <subfield code="c">YDXCP</subfield>
    <subfield code="d">BDX</subfield>
    <subfield code="d">CNTCS</subfield>
    <subfield code="d">OCLCO</subfield>
    <subfield code="d">SGB</subfield>
    <subfield code="d">MXL</subfield>
    <subfield code="d">DLC</subfield>
    <subfield code="e">rda</subfield>
    <subfield code="d">DLC</subfield>
  </datafield>
  <datafield tag="042" ind1=" " ind2=" ">
    <subfield code="a">lccopycat</subfield>
  </datafield>
  <datafield tag="050" ind1="0" ind2="0">
    <subfield code="a">BS2595.53</subfield>
    <subfield code="b">.M334 2014</subfield>
  </datafield>
  <datafield tag="082" ind1="0" ind2="4">
    <subfield code="a">225.77</subfield>
    <subfield code="b">MAC</subfield>
  </datafield>
  <datafield tag="100" ind1="1" ind2=" ">
    <subfield code="a">MacArthur, John,</subfield>
    <subfield code="d">1939-</subfield>
    <subfield code="9">1165</subfield>
  </datafield>
  <datafield tag="245" ind1="1" ind2="0">
    <subfield code="a">Luke 18-24 /</subfield>
    <subfield code="c">John MacArthur.</subfield>
  </datafield>
  <datafield tag="250" ind1=" " ind2=" ">
    <subfield code="a">Indian edition</subfield>
  </datafield>
  <datafield tag="264" ind1=" " ind2="1">
    <subfield code="a">Chicago :</subfield>
    <subfield code="b">Moody Publishers,</subfield>
    <subfield code="c">2014.</subfield>
  </datafield>
  <datafield tag="300" ind1=" " ind2=" ">
    <subfield code="a">viii, 488 pages ;</subfield>
    <subfield code="c">24 cm.</subfield>
  </datafield>
  <datafield tag="490" ind1="1" ind2=" ">
    <subfield code="a">The MacArthur New Testament commentary</subfield>
  </datafield>
  <datafield tag="504" ind1=" " ind2=" ">
    <subfield code="a">Includes bibliographical references (pages 457-458) and indexes.</subfield>
  </datafield>
  <datafield tag="505" ind1="0" ind2=" ">
    <subfield code="a">Persistent prayer for the Lord's return (Luke 18:1-8) -- Who can be right with God? (Luke 18:9-14) -- Children and the Kingdom of God (Luke 18:15-17) -- The impossibility of salvation (Luke 18:18-30) -- Jesus predicts His sufferings (Luke 18:31-34) -- A blind beggar receives saving sight (Luke 18:35-43) -- A sinner meets the seeking Savior (Luke 19:1-10) -- Fitting rewards from the returning king (Luke 19:11-27) -- Jesus' humble coronation (Luke 19:28-44) -- The King confronts corruption (Luke 19:45-48) -- Rejecting the King's authority (Luke 20:1-8) -- The murder of God's Son: a prophetic parable (Luke 20:9-18) -- A diagnosis of the Christ rejecters (Luke 20:19-26) -- The Savior silences the Sadducees (Luke 20:27-40) -- David's Son and Lord (Luke 20:41-44) -- Confronting error with condemnation, not conversation (Luke 20:45-21:4) -- Signs of Christ's return -- Part 1: Jesus' description of the temple's destruction (Luke 21:5-7) -- Signs of Christ's return -- Part 2: Why Jesus must return to earth (Luke 21:8) -- Signs of Christ's return -- Part 3: Birth pains (Luke 21:8-19) -- Signs of Christ's return -- Part 4: The end is near (Luke 21:20-24) -- SIgns of Christ's return -- Part 5: Celestial signs of the coming Savior (Luke 21:25-28) -- SIgns of Christ's return -- Part 6: The final generation (Luke 21:29-33) -- Signs of Christ's return -- part 7: The believer's gift to Christ (Luke 21:34-36) -- Preparation for the cross (Luke 21:37-22:13) -- The final Passover, the first communion (Luke 22:14-20) -- Table talk on trouble and triumph (Luke 22:21-38) -- Four features of triumphant prayer (Luke 22:39-46) -- A traitorous kiss for the triumphant Savior (Luke 22:47-53) -- The danger of spiritual overconfidence (Luke 22:54-62) -- The sinless Savior before the sinister Sanhedrin (Luke 22:63-71) -- Christ's civil trials -- Part 1: Preliminary hearings before Pilate and Herod (Luke 23:1-12) -- Christ's civil trials -- Part 2: The final verdict from the fickle judge (Luke 23:13-25) -- Characters on the road to the cross (Luke 23:26-32) -- The King crucified: the comedy at Calvary (Luke 23:33-49) -- THe supernatural burial of Jesus Christ (Luke 23:50-56) -- The resurrection of Jesus Christ (Luke 24:1-12) -- Christ: the living expositor (Luke 24:13-32) -- The living Christ dispels all doubt (Luke 24:33-43) -- The Great Commission: proclaiming forgiveness (Luke 24:44-49) -- The significance of the ascension (Luke 24:50-53).</subfield>
  </datafield>
  <datafield tag="630" ind1="0" ind2="0">
    <subfield code="a">Bible.</subfield>
    <subfield code="p">Luke, XVIII-XXIV</subfield>
    <subfield code="v">Commentaries.</subfield>
    <subfield code="9">12451</subfield>
  </datafield>
  <datafield tag="800" ind1="1" ind2=" ">
    <subfield code="a">MacArthur, John,</subfield>
    <subfield code="d">1939-</subfield>
    <subfield code="t">MacArthur New Testament commentary.</subfield>
    <subfield code="9">12401</subfield>
  </datafield>
  <datafield tag="856" ind1="4" ind2="2">
    <subfield code="3">Contributor biographical information</subfield>
    <subfield code="u">http://www.loc.gov/catdir/enhancements/fy1511/2012287868-b.html</subfield>
  </datafield>
  <datafield tag="856" ind1="4" ind2="2">
    <subfield code="3">Publisher description</subfield>
    <subfield code="u">http://www.loc.gov/catdir/enhancements/fy1511/2012287868-d.html</subfield>
  </datafield>
  <datafield tag="906" ind1=" " ind2=" ">
    <subfield code="a">7</subfield>
    <subfield code="b">cbc</subfield>
    <subfield code="c">copycat</subfield>
    <subfield code="d">2</subfield>
    <subfield code="e">ncip</subfield>
    <subfield code="f">20</subfield>
    <subfield code="g">y-gencatlg</subfield>
  </datafield>
  <datafield tag="942" ind1=" " ind2=" ">
    <subfield code="2">ddc</subfield>
    <subfield code="c">REF</subfield>
  </datafield>
  <datafield tag="952" ind1=" " ind2=" ">
    <subfield code="0">0</subfield>
    <subfield code="1">0</subfield>
    <subfield code="2">ddc</subfield>
    <subfield code="4">0</subfield>
    <subfield code="7">0</subfield>
    <subfield code="a">GBC</subfield>
    <subfield code="b">GBC</subfield>
    <subfield code="c">COM</subfield>
    <subfield code="d">2018-07-05</subfield>
    <subfield code="l">0</subfield>
    <subfield code="o">225.77 MAC</subfield>
    <subfield code="p">013049</subfield>
    <subfield code="r">2025-05-01 00:00:00</subfield>
    <subfield code="t">c.1</subfield>
    <subfield code="w">2018-07-05</subfield>
    <subfield code="y">REF</subfield>
  </datafield>
</record>
